000
00265nam a2200109Ia 4500
008
220204s9999 xx 000 0 und d
082
_a
656
_b
BAG
100
_a
Babkov, V F
245
0
_a
Road conditions and traffic safety
260
_a
Moscow
_b
Mir
_c
1975
942
_c
BK
999
_c
24132
_d
24132